[Event "US-ch Open 2019"]
[Site "Saint Louis"]
[Date "2019.03.31"]
[Round "11.3"]
[White "Shankland, Samuel"]
[Black "Caruana, Fabiano"]
[Result "1/2-1/2"]
[WhiteElo "2731"]
[BlackElo "2828"]
[Annotator "TA"]
[PlyCount "77"]
[EventDate "2019.03.20"]
[EventType "swiss"]
[EventCountry "USA"]
[SourceTitle "playchess.com"]
[Source "ChessBase"]
[SourceQuality "1"]

{[%evp 9,77,29,30,27,34,4,9,11,19,13,30,20,36,13,15,0,0,0,0,0,0,0,0,0,0,0,5,-12,0,0,0,-4,0,-3,-6,-14,0,0,4,0,9,9,9,7,33,19,8,8,8,8,8,8,10,7,8,0,8,8,10,8,14,0,20,18,42,8,8,0,25,0]} 1. d4 Nf6 2. c4 e6 3. Nf3 Bb4+ 4. Bd2 Be7 5. Nc3 O-O 6. e4 {E11: Bogo-Indian} (6. a3 b6 7. e4 d5 8. cxd5 exd5 9. e5 Ne4 10. Bd3 Bb7 11. O-O c5 12. Re1 Nxc3 13. Bxc3 {1-0 (35) Lysyj,I (2686)-Morozevich,A (2724) Kazan 2014}) 6... d5 7. cxd5 exd5 8. e5 {The position is equal.} Ne4 9. Bd3 Nxd2 10. Qxd2 $146 ({Predecessor:} 10. Nxd2 Nc6 11. Nb3 a5 12. a4 Nb4 13. Bb1 g6 14. O-O f6 15. f4 fxe5 16. fxe5 Bg5 17. Nd2 Be3+ {0-1 (17) Tjiptadi,K (858)-Cijs,P (2156) LSS email 2008}) 10... Nc6 11. O-O Bg4 12. Qf4 Bxf3 13. Qxf3 Nxd4 14. Qxd5 Qxd5 15. Nxd5 Bd8 16. Rad1 c6 17. Nc3 Bb6 18. Rfe1 Rfe8 19. Kf1 Rad8 20. f4 Ba5 21. g3 g6 22. a3 Bxc3 23. bxc3 Nb3 24. Kf2 Nc5 25. Bc2 Kf8 26. Kf3 a5 27. Rxd8 Rxd8 28. Rd1 Rxd1 29. Bxd1 $11 {[%mdl 4096] Endgame KB-KN} h5 30. Ke3 Ke7 31. Kd4 Ne6+ 32. Ke3 Nc7 33. Be2 b5 34. Kd4 {[#] aiming for Kc5.} Ne6+ 35. Ke3 Nc5 36. Bd1 Kd7 37. Bc2 Ke7 38. Bd1 Kd7 39. Bc2 {Accuracy: White = 63%, Black = 65%.} 1/2-1/2

[Event "US-ch Open 2019"]
[Site "Saint Louis"]
[Date "2019.03.31"]
[Round "11.4"]
[White "So, Wesley"]
[Black "Liang, Awonder"]
[Result "0-1"]
[WhiteElo "2762"]
[BlackElo "2590"]
[Annotator "TA"]
[PlyCount "168"]
[EventDate "2019.03.20"]
[EventType "swiss"]
[EventCountry "USA"]
[SourceTitle "playchess.com"]
[Source "ChessBase"]
[SourceQuality "1"]

{[%evp 11,168,0,22,2,34,25,23,17,22,33,22,27,39,37,37,37,35,44,50,28,55,52,57,8,87,76,120,0,0,2,7,0,6,-93,41,12,31,31,46,13,30,0,0,-14,0,-19,0,0,-10,-466,-201,-219,-198,-197,-194,-204,-158,-133,0,-211,-204,-199,-198,-225,-232,-219,-229,-231,-218,-238,-229,-205,-203,-203,-210,-238,-202,-200,-200,-203,-202,-202,-202,-202,-208,-201,-201,-195,-175,-200,-200,-205,-200,-222,-190,-193,-191,-188,-189,-194,-197,-195,-175,-191,-190,-205,-205,-205,-205,-265,-183,-262,-190,-281,-253,-235,-191,-294,-294,-401,-392,-508,-499,-460,-363,-354,-354,-354,-340,-528,-487,-713,-702,-1155,-1209,-1665,-1406,-1288,-1203,-29956,-29958,-29957,-29959,-29960,-29961,-29947,-11954,-29966,-29969,-29969,-29967,-29971,-29972,-29971,-29972,-29971,-29973,-29970,-29972]} 1. c4 Nf6 2. Nc3 e5 3. Nf3 Nc6 4. e3 Bb4 5. Qc2 Bxc3 6. Qxc3 Qe7 7. d4 {[%cal Rf3e5] A28: English Opening: Four Knights Variation} e4 (7... Ne4 8. Qd3 exd4 9. Nxd4 Qb4+ 10. Bd2 Nxd2 11. Qxd2 Qe7 12. Nxc6 bxc6 13. Qc3 O-O 14. c5 a5 {1-0 (36) Duda,J (2738)-Svidler,P (2737) St Petersburg 2018}) 8. Ng1 $146 ({Predecessor:} 8. Nd2 d5 9. b3 O-O 10. a4 a5 11. Ba3 Nb4 12. Be2 Re8 13. h3 Bf5 14. O-O h5 {1-0 (47) Usmanov,V (2455)-Zenzera,A (2435) St Petersburg 2015}) 8... d5 9. b3 {White has an edge.} O-O 10. Ne2 a5 11. Nf4 Be6 12. Be2 g5 13. Nxe6 fxe6 14. a3 Qd7 15. O-O Ne7 16. b4 a4 17. b5 Rf7 (17... dxc4 $11 18. Qxc4 g4) 18. c5 $16 Qe8 19. f4 ({White should try} 19. Rb1 $16) 19... exf3 20. Rxf3 g4 21. Rf4 Ng6 {[%cal Be7g6,Bg6h4,Bh4f3][%mdl 32]} 22. Qc2 (22. Rf1 $11 {remains equal.}) 22... e5 (22... Nxf4 $17 23. exf4 g3 $1 {[%mdl 512]} 24. hxg3 Rg7) 23. Rf5 e4 24. Bd2 {Threatens to win with Raf1.} Nh4 $1 {[%cal Rh4f5]} 25. Re5 Qf8 $1 {[%cal Rf8h6] Strongly threatening ...Qh6.} 26. Be1 Nf3+ 27. Bxf3 gxf3 28. Bg3 Ng4 $36 {[%mdl 2048] And now ...f2+ would win. Black has some pressure.} 29. Rg5+ Rg7 30. Rxd5 $2 {[%mdl 8192]} (30. Rxg7+ $11 {and White stays safe.} Qxg7 31. gxf3 Nxe3 32. Qc3) 30... Qf7 (30... Nxe3 $142 31. Qxe4 Re8) 31. Qa2 $19 {[#]} f2+ $1 {[%mdl 512]} 32. Bxf2 Nxf2 33. Re5 Nh3+ 34. Kh1 {[#]} Nf2+ (34... Qxa2 $1 $17 35. Rxa2 Rf8) 35. Kg1 {[#]} Qxa2 $1 36. Rxa2 Nd1 37. g3 Rf7 38. Rxe4 Nc3 39. Rg4+ Kf8 40. Rd2 Nxb5 41. Rd3 c6 42. e4 Re8 43. d5 Nc7 44. Rd4 Re5 {[%cal Rc6d5]} 45. Rxa4 cxd5 46. exd5 Nxd5 47. Rge4 Rxe4 48. Rxe4 {[%mdl 4096] Endgame KRN-KR} Rc7 49. Rh4 Nf6 50. Kg2 Rxc5 51. Rb4 Rc7 52. g4 Nd5 53. Rb5 Nc3 54. Rb6 Kf7 55. Kg3 Nd5 56. Rd6 Ne3 57. Rh6 Kg7 58. Rb6 Nc4 59. Rb3 Kf6 60. Kf4 Ke6 61. h3 (61. Kg5 $142) 61... Nd6 62. Re3+ (62. Kg5 {was necessary.}) 62... Kf7 63. Rd3 Rc6 64. Rb3 (64. Kg5 $142) 64... Ra6 65. Kg5 Ra5+ 66. Kh4 b5 67. Rd3 Nc4 68. Rd7+ Kg6 69. Rb7 Nxa3 70. Rb6+ (70. Kg3 $142) 70... Kf7 71. Rb7+ (71. Rb8 $142 Nc4 72. Kh5) 71... Ke6 72. g5 Nc4 73. Rxh7 Nd6 74. Rh6+ Ke5 {( -> ...Nf5+)} 75. Rh8 b4 76. Rf8 Rb5 77. g6 Rb7 78. Rf3 Rb8 79. Rb3 Kf6 {Black mates.} 80. Kh5 Kg7 81. Kg5 Ne4+ 82. Kf5 Nd2 83. Rd3 Rb5+ 84. Kf4 b3 {Accuracy: White = 45%, Black = 62%.} 0-1

[Event "US-ch Open 2019"]
[Site "Saint Louis"]
[Date "2019.03.31"]
[Round "11.5"]
[White "Lenderman, Aleksandr"]
[Black "Sevian, Samuel"]
[Result "1/2-1/2"]
[WhiteElo "2637"]
[BlackElo "2642"]
[Annotator "TA"]
[PlyCount "51"]
[EventDate "2019.03.20"]
[EventType "swiss"]
[EventCountry "USA"]
[SourceTitle "playchess.com"]
[Source "ChessBase"]
[SourceQuality "1"]

{[%evp 25,51,26,26,26,35,28,32,32,49,49,66,13,10,20,15,0,0,0,0,0,0,0,0,-2,0,0,0,0]} 1. d4 Nf6 2. c4 e6 3. Nc3 Bb4 4. Qc2 O-O 5. Nf3 d5 6. a3 Bxc3+ 7. Qxc3 dxc4 8. Qxc4 b6 9. Bg5 {E36: Nimzo-Indian: Classical: 4...d5 5 a3} Ba6 10. Qa4 c5 11. dxc5 bxc5 12. Rc1 Qb6 13. Bxf6 gxf6 {LiveBook: 26 Games} 14. Rc2 {[#]} Rd8 $146 ({Predecessor:} 14... Nc6 15. e3 Bxf1 16. Rxf1 {½-½ (35) Ivanchuk,V (2731)-Duda,J (2534) Tromsoe 2013}) 15. e3 Bxf1 ({Wrong is} 15... Qd6 $2 16. Rd2 $18) 16. Rxf1 Nc6 17. Ke2 Na5 {[#] Hoping for ...Qa6+.} 18. Nd2 ({Better is} 18. b4 $1 $14 Qa6+ 19. b5) 18... Rd5 $11 {The position is equal.} 19. Rfc1 f5 20. g4 Rad8 21. gxf5 exf5 22. h3 Kf8 23. Ke1 Kg8 24. Ke2 Kf8 25. Ke1 Kg8 26. Ke2 1/2-1/2

[Event "US-ch Open 2019"]
[Site "Saint Louis"]
[Date "2019.03.31"]
[Round "11.6"]
[White "Robson, Ray"]
[Black "Akobian, Varuzhan"]
[Result "0-1"]
[WhiteElo "2667"]
[BlackElo "2625"]
[Annotator "TA"]
[PlyCount "112"]
[EventDate "2019.03.20"]
[EventType "swiss"]
[EventCountry "USA"]
[SourceTitle "playchess.com"]
[Source "ChessBase"]
[SourceQuality "1"]

{[%evp 23,112,6,19,0,19,34,39,20,21,0,0,0,11,0,41,0,-1,-10,35,2,21,19,20,18,28,35,27,30,29,17,18,16,16,0,16,0,79,81,80,76,86,74,74,77,123,120,114,112,140,71,87,71,77,0,0,0,0,-10,0,-416,-413,-413,-407,-406,-331,-538,-503,-510,-504,-300,-162,-940,-957,-1989,-1748,-29976,-29977,-29977,-29978,-29982,-29983,-29982,-5716,-1235,0,-29982,-29974,-29976,-994,-29992,-29993]} 1. c4 e6 2. Nc3 d5 3. d4 Nf6 4. cxd5 exd5 5. Bg5 c6 6. Qc2 Be7 7. e3 Nbd7 8. Bd3 Nh5 9. Bxe7 Qxe7 10. Nge2 g6 11. O-O O-O 12. Rae1 Ndf6 13. Nc1 {D36: Queen's Gambit Declined: Exchange Variation: Main line (5 Bg5 c6 6 Qc2)} Bd7 (13... Ng7 14. f3 c5 15. dxc5 Qxc5 16. Nb3 Qb6 17. Nd4 Ne6 18. Qf2 Bd7 19. Nxe6 Bxe6 20. b3 Bd7 {½-½ (43) Wojtaszek,R (2735)-Wang,Y (2718) Tromsoe 2014}) 14. f3 Rfe8 $146 ({Predecessor:} 14... Rae8 15. Qf2 Bc8 16. Nb3 Qd8 17. Rd1 Kh8 18. Rfe1 Ng8 19. Bf1 Qg5 20. e4 Nf4 {½-½ (86) Debashis,D (2548)-Lubbe,N (2447) Douglas 2018}) 15. Nb3 {White is slightly better.} b6 16. e4 {aiming for e5.} Nf4 17. Qd2 Nxd3 18. Qxd3 Rad8 19. Qe3 (19. exd5 $5 {[%cal Re1e7]} Qd6 20. dxc6 Bxc6 21. Rxe8+ Rxe8 22. Rd1 $14) 19... Be6 20. e5 Nd7 21. Ne2 c5 22. Ng3 c4 23. Nd2 f6 24. f4 f5 25. Nf3 b5 26. h3 b4 27. Ne2 a5 28. Kh2 Rf8 29. Ng5 h6 (29... Nb6 $11 {remains equal.}) 30. Nxe6 $16 Qxe6 31. g4 $1 Kh7 32. Qf3 Nb8 33. gxf5 gxf5 34. Ng3 Rg8 35. Rg1 Nd7 {[%cal Bb8d7,Bd7f8,Bf8e6,Be6f4,Bf4h3][%mdl 32]} 36. Re2 (36. Qg2 $142) 36... Rg6 37. Reg2 {Hoping for Nxf5!} Rdg8 38. b3 ({Better is} 38. Qh5 $16) 38... c3 $11 39. Qd3 Nf8 40. Qb5 (40. Nxf5 Rxg2+ 41. Rxg2 Rxg2+ 42. Kxg2 Qg6+ 43. Kf2 Ne6 $19) 40... Qf7 41. Qxa5 $2 {[%mdl 8192]} (41. Ne2 $11 {and White stays safe.}) 41... Ne6 $19 42. Qxd5 {White wants to play Qc4.} Rd8 $1 {[%cal Rd8d5]} 43. Qc4 {Threatens to win with d5.} Rxd4 {[%mdl 64] Double Attack} 44. Qc8 $2 (44. Qe2 Nxf4 45. Qf2) 44... Rg8 45. Qc6 {Nh5 is the strong threat.} Nxf4 46. Rf2 Qe6 $36 {[%mdl 2048] Black is really pushing.} (46... Rg6 $142 47. Qc8 Rd2) 47. Qc5 $2 (47. Qxe6 Nxe6 48. Nxf5 Rxg1 49. Nxd4 Nxd4 50. Kxg1) 47... Rd5 48. Qe3 {[#]} Nxh3 $1 {[%mdl 576] Double Attack} 49. Nh5 (49. Kxh3 f4+) 49... Rxg1 50. Nf6+ Kg6 51. Nxd5 Qxd5 {[%csl Gg1][%cal Rd5h1]} 52. Kxh3 {[#] KQR-KQR} Rh1+ (52... c2 $142 $1 {[%mdl 512]} 53. Rxc2 Rg4 54. Kh2 Rh4+ 55. Kg3 f4+ 56. Qxf4 Rxf4 57. Kxf4 Qd4+ 58. Kg3 Qxe5+ 59. Kf2 Qf5+ 60. Ke3 Qxc2 61. Kd4 h5 62. Kd5 h4 63. Kd6 h3 64. Ke5 h2 65. Kd6 h1=Q 66. Kd7 Qhc6+ 67. Kd8 Qd2+ 68. Ke7 Qdd6#) 53. Kg3 Rg1+ (53... Qd8 $19 54. Qf4 Qd3+ 55. Rf3 Qb1) 54. Kh3 Rg4 55. Kh2 {[#]} Qe4 (55... c2 $142 $1 {[%mdl 512]} 56. Qb6+ (56. Rxc2 Rh4+) 56... Kh7 57. Qc7+ Rg7 58. Rxc2 Rxc7 59. Rxc7+ Kg6 60. Kg1 f4 61. Rc4 Qxe5 62. Kf1 f3 63. Rc2 Qa1+ 64. Kf2 Qd4+ 65. Kg3 Qe5+ 66. Kxf3 Qf5+ {[%mdl 64] Double Attack} 67. Ke3 Qxc2 68. Kd4 h5 69. Kd5 h4 70. Kd4 h3 71. Kd5 h2 72. Kd6 h1=Q 73. a4 Qhd1+ 74. Ke7 Qxb3 75. Kf8 Qf7#) 56. Qb6+ Kh5 {Accuracy: White = 39%, Black = 63%.} 0-1